War of the Roses Quiz - Statistics

General Stats
  • This quiz has been taken 93 times
  • The average score is 7 of 8
Answer Stats
Hint Answer % Correct
House of the Red Rose House of Lancaster
99%
House of the White Rose House of York
99%
New royal house formed by this marriage House of Tudor
88%
Lancastrian Kind who inherited the throne, beginningthe War of the Roses Henry VI
86%
Son of Richard who became first York king in 1461 Edward IV
85%
His brother, who took power upon his death in 1483 Richard III
83%
Lancastrian winner of this battle, who marries Elizabethof York to end the War of the Roses Henry VII
81%
Battle in which this King is killed in August 1485 Battle of Bosworth Field
50%
No matching quizzes found
Score Distribution
Percent of People with Each Score
Percentile by Number Answered
Your Score History
You have not taken this quiz